История на изкуството на древността (Запис номер 114763)
[ съкратено ]
| 000 -Лидер | |
|---|---|
| Контролно поле с фиксирана дължина | 01879nam a2200421 c 4500 |
| 003 - Код на организацията, давaща контролен номер | |
| Контролно поле | BLK |
| 005 - Дата и час на последна редакция | |
| Контролно поле | 20220704173425.0 |
| 008 - Елементи от данни с фиксирана дължина | |
| fixed length control field | 180409b bul|||||r ||||||| ||bul|| |
| 010 ## - Наследен системен номер | |
| LC control number | KNG00120196000 |
| 040 ## - Източник на каталожния запис | |
| Идентификатор на билиотеката - собственик на записа | BLK |
| 041 ## - Код за език | |
| Код за езика на текст/звукозапис или на отделно заглавие | Български |
| Код за езика КДБФ | Български |
| 080 ## - УДК | |
| Текстов определител УДК | Изкуство на Стария свят. Антично изкуство. Стилове |
| УДК код - определител по УДК | 7.032 |
| УДК - код + определител | 7.032 |
| 100 1# - Редна дума - Автор | |
| Автор | Винкелман, Йохан-Йоахим |
| Авторска отговорност | първи автор |
| R(LIN) | 313645 |
| 139 ## - Редно поле | |
| Редна дума | Винкелман, Йохан-Йоахим |
| Авторски знак | Вин - В 60 |
| 245 10 - Сведения за заглавието | |
| Заглавие | История на изкуството на древността |
| Редно поле (дума) | Йохан-Йоахим Винкелман; прев. от нем. Климент Шахов; предг. от Атанас Стойков. |
| 257 ## - Страна на издаване | |
| Страна на създаване/издаване | Германия |
| 260 ## - Област на издателските данни | |
| Място на издаване, разпространение и проч. | София |
| Име на издателя, разпространителя и проч. | Бълг. художник |
| Година на издаване | 1970 |
| 300 ## - Физическа характеристика | |
| Страници | 448 с. |
| Илюстрации и др. | с портр., репрод., 20 л. репрод. |
| Размери/Мащаб | 22 см |
| 380 ## - Жанр | |
| Жанр | Изкуство |
| 490 ## - СЕРИИ (Колекции) | |
| Име на серия | Библиотека Жалони |
| 9 (RLIN) | 204756 |
| 500 ## - Общи забележки | |
| Забележка | Ориг. загл. Geschichte der Kunst des Altertunis / Johann Joachim Winckelmann. - 3 625 тир. |
| 650 #4 - Допълнително описание по предмет – тема | |
| Основно описание – тема или топоним | Изкуство - Древен Изток |
| 9 (RLIN) | 313646 |
| 650 #4 - Допълнително описание по предмет – тема | |
| Основно описание – тема или топоним | Изкуство - Древна Гърция |
| 9 (RLIN) | 286769 |
| 651 #4 - Допълнително описание по предмет - топоним | |
| Географско понятие | Древен Изток |
| 9 (RLIN) | 251677 |
| 651 #4 - Допълнително описание по предмет - топоним | |
| Географско понятие | Древна Гърция |
| 9 (RLIN) | 242869 |
| 651 #4 - Допълнително описание по предмет - топоним | |
| Географско понятие | Древен Рим |
| 9 (RLIN) | 254522 |
| 653 ## - Ключова дума – ненормативна | |
| Ключова дума | Древен Изток |
| 653 ## - Ключова дума – ненормативна | |
| Ключова дума | Древна Гърция |
| 653 ## - Ключова дума – ненормативна | |
| Ключова дума | Древен Рим |
| 653 ## - Ключова дума – ненормативна | |
| Ключова дума | изкуство |
| 700 1# - Други автори (авторска отговорност) | |
| Лично име | Шахов, Климент |
| Автороска отговорност (Описва отношението между автора и произведението) | прев. от нем. |
| 9 (RLIN) | 286295 |
| 700 1# - Други автори (авторска отговорност) | |
| Лично име | Стойков, Атанас |
| Автороска отговорност (Описва отношението между автора и произведението) | предг. от |
| Друга информация | Атанасов, Атанас Стойков |
| 9 (RLIN) | 369553 |
| 852 ## - Местоположение | |
| Форматна сигнатура | Цб 56687 |
| 856 4# - Електронен адрес и достъп | |
| Електронен формат | pdf - файл |
| 856 4# - Електронен адрес и достъп | |
| Електронен формат | pdf - файл |
| 999 ## - СИСТЕМНИ КОНТРОЛНИ НОМЕРА | |
| Koha biblionumber | 114763 |
| Koha biblioitemnumber | 114763 |
| 942 ## - АРТИКУЛИ | |
| Вид на библиотечния материал | Книги |
| Скрит в OPAC | Не |
| Периодичен библиозапис | Да |
| 944 ## - СЪЗДАВАНЕ И РЕДАКЦИЯ на ЗАПИСА | |
| Създаване/Редакция | Създаване |
| Дата на регистрацията/редакция | 23.11.2010 |
| Статус, дата на статуса | добави в АБ / 22.11.2010 |
| Служител, извършил регистрацията/редакцията | Ирена_Линкова |
| 944 ## - СЪЗДАВАНЕ И РЕДАКЦИЯ на ЗАПИСА | |
| Създаване/Редакция | Редакция |
| Дата на регистрацията/редакция | 05.02.2013 |
| Статус, дата на статуса | добави в АБ / 22.11.2010 |
| 944 ## - СЪЗДАВАНЕ И РЕДАКЦИЯ на ЗАПИСА | |
| Създаване/Редакция | Редакция |
| Дата на регистрацията/редакция | 2022-07-04 |
| Служител, извършил регистрацията/редакцията | Христина Везирева |
| 999 ## - СИСТЕМНИ КОНТРОЛНИ НОМЕРА | |
| Koha biblioitemnumber | 114763 |
| Код за отписване | Код за изгубен артикул | Източник на класификационната схема | Код за повреда | Коз за рестрикции | Код за отдаване | Артикулен № | Име на библиотеката - собственик | Име на библиотеката, в която се намира в момента | Статус (Текущо местоположение) | Дата на вписване в системата | Местоположение - отдел | Цена в лева | Инвентарен номер | Систематично азбучна сигнатура | Баркод | Номер на екземпляра | Цена в евро | Служебна бележка | Служебен тип на артикула |
|---|---|---|---|---|---|---|---|---|---|---|---|---|---|---|---|---|---|---|---|
| Изтеглен | Не е изгубен | Universal Decimal Classification | Не е повреден | без рестрикции | заемане за дома | 184117 | Регионална библиотека "Любен Каравелов" Русе | Регионална библиотека "Любен Каравелов" Русе | Отдел Изкуство - подръчен фонд | 1970-01-01 | Отдел Изкуство - подръчен фонд | 4.07 | 88220 | 7.032/В 60 | 88220 | 1 | 2.08 | Дост: Pk Вид: Ф N: стар фонд Дата: 01.01.1970 Дата инв: 06.06.2012 Бележки инв: * | Книги |
| Не е изгубен | Universal Decimal Classification | Не е повреден | само за читалня | ползва се в читалня | 184118 | Регионална библиотека "Любен Каравелов" Русе | Регионална библиотека "Любен Каравелов" Русе | Хранилище | 1970-01-01 | Хранилище | 4.07 | 87291 | Цб 56687 | 120000087291 | 2 | 2.08 | Дост: Dp Вид: Д N: стар фонд Дата: 01.01.1970 | Книги | |
| Не е изгубен | Universal Decimal Classification | Не е повреден | без рестрикции | заемане за дома | 184119 | Регионална библиотека "Любен Каравелов" Русе | Регионална библиотека "Любен Каравелов" Русе | Отдел Изкуство - подръчен фонд | 1970-01-01 | Отдел Изкуство - подръчен фонд | 4.07 | 88221 | 7.032/В 60 | 120000088221 | 3 | 2.08 | Дост: Pk Вид: Ф N: стар фонд Дата: 01.01.1970 Дата инв: 11.02.2015 Бележки инв: ИП2015 | Книги |